000 00649nam a2200253Ia 4500
003 OSt
005 20220918204014.0
006 a|||||r|||| 00| 0
007 ta
008 220917b |||||||| |||| 00| 0 eng d
024 _a110,589
037 _cTextual
040 _aARTS
_cARTS
_beng
041 _2eng
_aeng
082 _aV490j496.N, M7
100 _aRam Rahul
245 0 _aAfghanistan Mangolia and USSR
260 _aNew Delhi
_bVikas
_c1987
300 _aviii, 97p.
_ccm.
500 _aAppendix p79-89 (I-II)
650 _aHISTORY
942 _hV490j496.N, M7
_cTEXL
_2CC
999 _c233939
_d233939